banner koha

Bioatividade de óleos essenciais no controle de Botrytis cinerea isolado de morangueiro (Registro n. 298760)

MARC details
000 -LÍDER
fixed length control field 04140nab a2200349 i 4500
003 - CÓDIGO MARC DA AGÊNCIA CATALOGADORA
Campo de controle BR-BrBNA
005 - DATA E HORA DA ÚLTIMA ATUALIZAÇÃO
Campo de controle 20240312122633.0
008 - CAMPO DE TAMANHO FIXO
fixed length control field 240312b2011 bl.qr|p|oa||| 00| 0 por |
040 ## - FONTE DA CATALOGAÇÃO
Agência catalogadora BR-BrBNA
Idioma da catalogação por
072 ## - CATEGORIA AGRIS
Código AGRIS H20
100 ## - ENTRADA PRINCIPAL - NOME PESSOAL
Nome pessoal Lorenzetti, E.R.
100 ## - ENTRADA PRINCIPAL - NOME PESSOAL
Nome pessoal Monteiro, F.P.
100 ## - ENTRADA PRINCIPAL - NOME PESSOAL
Nome pessoal Souza, P.E.
100 ## - ENTRADA PRINCIPAL - NOME PESSOAL
Nome pessoal Souza, R.J.
100 ## - ENTRADA PRINCIPAL - NOME PESSOAL
Nome pessoal Scalice, H.K.
100 ## - ENTRADA PRINCIPAL - NOME PESSOAL
Nome pessoal Diogo Jr, R.
100 ## - ENTRADA PRINCIPAL - NOME PESSOAL
Nome pessoal Pires, M.S.O.
245 ## - TÍTULO PRINCIPAL
Título principal Bioatividade de óleos essenciais no controle de Botrytis cinerea isolado de morangueiro
500 ## - NOTA GERAL
Nota geral Publicação on-line; 26 ref.; 2 tables; 3 illus.; Summaries (En, Pt)
942 ## - ADDED ENTRY ELEMENTS (KOHA)
Koha item type
520 ## - NOTA DE RESUMO
Nota de conteúdo <br/><br/>RESUMO: <br/><br/>Objetivou-se avaliar o uso de óleos essenciais sobre isolados de Botrytis cinerea,<br/>causador do mofo cinzento em morangueiro. Foram testados óleos essenciais de capim-limão,<br/>palmarosa, citronela, cravo, canela, menta, lavanda, tangerina, eucalipto, melaleuca, alecrim e<br/>laranja, todos estes analisados em cromatógrafo a gás acoplado a detector de massas, para<br/>identificação dos principais componentes dos óleos. Foram avaliados o crescimento micelial,<br/>produção e germinação de conídios de B. cinerea, com a incorporação do óleo no meio de<br/>cultura. Realizou-se ainda uma avaliação de voláteis e a eficiência de óleos em isolado resistente<br/>a fungicida. Para cada teste, diferentes óleos apresentaram eficiência, contudo capim limão,<br/>palmarosa, canela e menta demonstraram os melhores efeitos em todos os testes realizados.<br/>Todos os tratamentos a base de óleos demonstraram efeito semelhante a um fungicida<br/>recomendado para a cultura, a base de tiofanato metílico. Dois tratamentos mostraram-se efetivos<br/>no caso de isolado resistente (óleo de capim limão e de canela). Óleos essenciais mostram-se<br/>como opção promissora para o desenvolvimento de possíveis produtos fitossanitários para o<br/>manejo de doenças em plantas.<br/><br/>Palavras-Chave: Fragaria x ananassa Duch. Ex. Rozier, agricultura orgânica, resistência a<br/>fungicidas, controle biológico, óleos essenciais, Botrytis cinerea
520 ## - NOTA DE RESUMO
Nota de conteúdo <br/><br/>RESUMO: <br/><br/>Objetivou-se avaliar o uso de óleos essenciais sobre isolados de Botrytis cinerea,<br/>causador do mofo cinzento em morangueiro. Foram testados óleos essenciais de capim-limão,<br/>palmarosa, citronela, cravo, canela, menta, lavanda, tangerina, eucalipto, melaleuca, alecrim e<br/>laranja, todos estes analisados em cromatógrafo a gás acoplado a detector de massas, para<br/>identificação dos principais componentes dos óleos. Foram avaliados o crescimento micelial,<br/>produção e germinação de conídios de B. cinerea, com a incorporação do óleo no meio de<br/>cultura. Realizou-se ainda uma avaliação de voláteis e a eficiência de óleos em isolado resistente<br/>a fungicida. Para cada teste, diferentes óleos apresentaram eficiência, contudo capim limão,<br/>palmarosa, canela e menta demonstraram os melhores efeitos em todos os testes realizados.<br/>Todos os tratamentos a base de óleos demonstraram efeito semelhante a um fungicida<br/>recomendado para a cultura, a base de tiofanato metílico. Dois tratamentos mostraram-se efetivos<br/>no caso de isolado resistente (óleo de capim limão e de canela). Óleos essenciais mostram-se<br/>como opção promissora para o desenvolvimento de possíveis produtos fitossanitários para o<br/>manejo de doenças em plantas.<br/><br/>Palavras-Chave: Fragaria x ananassa Duch. Ex. Rozier, agricultura orgânica, resistência a<br/>fungicidas, controle biológico, óleos essenciais, Botrytis cinerea
650 ## - ASSUNTO - THESAGRO
Cabeçalho tópico ou nome geográfico FRAGARIA SPP
650 ## - ASSUNTO - THESAGRO
Cabeçalho tópico ou nome geográfico AGRICULTURA ORGÂNICA
650 ## - ASSUNTO - THESAGRO
Cabeçalho tópico ou nome geográfico RESISTÊNCIA A PESTICIDA
650 ## - ASSUNTO - THESAGRO
Cabeçalho tópico ou nome geográfico CONTROLE BIOLÓGICO
650 ## - ASSUNTO - THESAGRO
Cabeçalho tópico ou nome geográfico ÓLEO ESSENCIAL
650 ## - ASSUNTO - THESAGRO
Cabeçalho tópico ou nome geográfico BOTRYTIS CINEREA
773 0# - ENTRADA ANALÍTICA
Host Biblionumber 3543
Registro do item 313813
Imprenta Botucatu-SP Instituto de Biociências - Departamento de Química e Bioquímica 1998
Outro identificador 2024-0080
Título Revista Brasileira de Plantas Medicinais (Brazil)
ISSN 1516-0572
Colação v. 13(special number) p. 619-627; (2011)
Número de controle de registro BR2024000141
856 ## - ACESSO E ENDEREÇO ELETRÔNICO
Identificador uniforme de recurso - URI https://www.scielo.br/j/rbpm/a/JWzCvMD4FhPZKYdtTkpXhQw/?format=pdf&lang=pt

Nenhum exemplar disponível.

BINAGRI

Telefone: (61)3218-2567/2388/3357/2097 - binagri@agro.gov.br

Ministério da Agricultura e Pecuária , Esplanada dos Ministérios, Bloco D, Anexo B, Brasília/DF, CEP: 70.043-900